| 000 | 00593nam a2200217 a 4500 | ||
|---|---|---|---|
| 001 | 5418 | ||
| 003 | CO-ViMGA | ||
| 008 | 141112s2004 ck r 000 u spa d | ||
| 020 | _a9583001554 | ||
| 040 |
_aCO-ViMGA _bspa _cCO-ViMGA |
||
| 082 | 0 | 4 | _a342.02 L171 |
| 100 | 1 |
_aLasalle, Ferdinand _95147 |
|
| 245 | 1 | 0 | _aQue es una constitución? |
| 250 | _a2a | ||
| 260 |
_aSantafé de Bogotá : _bPanAméricana, _c1994 |
||
| 300 | _a92 p | ||
| 650 | 1 | 4 |
_aCONSTITUCION Política _95148 |
| 650 | 1 | 4 |
_aTEORIA - DERECHO CONSTITUCIONAL _95149 |
| 650 | 1 | 4 |
_aTEORIA CONSTITUCIONAL _95150 |
| 942 |
_2ddc _cBK |
||
| 999 |
_c17406 _d17406 |
||